LEADER 01503nam0-22004091i-450- 001 990001122760403321 010 $a0-8218-0565-7 035 $a000112276 035 $aFED01000112276 035 $a(Aleph)000112276FED01 035 $a000112276 100 $a20000920d1997----km-y0itay50------ba 101 0 $aeng 200 1 $aHARMONIC analysis and nonlinear differential equations$ea volume in honor of Victor L. Shapiro$eNovember 3-5, 1995, University of California, Riverside$fMichel L. Lapidus, coordinating editor 210 $aProvidence (RI)$cAmerican Mathematical Society$dc1997 215 $axii, 350 p.$cill.$d26 cm 225 1 $aContemporary mathematics$v208 300 $aPapers presented at a conference held in conjunction with the fall meeting of the Southern California analysis and partial differential equations conference, Nov. 3-5, 1995 610 0 $aAnalisi armonica$aCongressi 610 0 $aEquazioni differenziali non lineari$aCongressi 610 0 $aAnalisi di fourier$aCongressi 676 $a515.243.3 702 1$aHarper,$bLawrence H. 702 1$aLapidus,$bMichel L. 702 1$aRumbos,$bAdolfo J. 702 1$aShapiro,$bVictor Lenard 801 0$aIT$bUNINA$gRICA$2UNIMARC 901 $aBK 912 $a990001122760403321 952 $aC-1-(208$b15640$fMA1 959 $aMA1 962 $a43-06 962 $a35-06 962 $a42-06 996 $aHARMONIC analysis and nonlinear differential equations$9337026 997 $aUNINA DB $aING01 LEADER 01099nam 2200373 450 001 9910251426303321 005 20221007142119.0 010 $a953-51-4772-2 010 $a953-51-3308-X 035 $a(CKB)4100000001586767 035 $a(NjHacI)994100000001586767 035 $a(EXLCZ)994100000001586767 100 $a20221007d2017 uy 0 101 0 $aeng 135 $aur||||||||||| 181 $ctxt$2rdacontent 182 $cc$2rdamedia 183 $acr$2rdacarrier 200 00$aOsteonecrosis /$fedited by Alessandro Rozim Zorzi, Joa?o Batista de Miranda 210 1$a[Place of publication not identified] :$cIntechOpen,$d[2017] 210 4$dİ2017 215 $a1 online resource (118 pages) 311 $a953-51-3307-1 606 $aRadiation$xPhysiological effect 615 0$aRadiation$xPhysiological effect. 676 $a612.01448 702 $aBatista de Miranda$b Joa?o 702 $aZorzi$b Alessandro Rozim 801 0$bNjHacI 801 1$bNjHacl 906 $aBOOK 912 $a9910251426303321 996 $aOsteonecrosis$91522296 997 $aUNINA LEADER 02145oam 22006374a 450 001 9910150480803321 005 20230810001317.0 010 $a1-4473-1895-1 010 $a1-4473-1898-6 035 $a(CKB)3710000000944247 035 $a(MiAaPQ)EBC4738349 035 $a(OCoLC)1014201562 035 $a(MdBmJHUP)musev2_80072 035 $a(EXLCZ)993710000000944247 100 $a20160929h20172017 uy 0 101 0 $aeng 135 $aurcnu|||||||| 181 $2rdacontent 182 $2rdamedia 183 $2rdacarrier 200 10$aFrom Greed to Wellbeing$eA Buddhist Approach to Resolving Our Economic and Financial Crises /$fJoel Magnuson 210 1$aBristol, [England] ;$aChicago, Illinois :$cPolicy Press,$d2017. 210 4$dİ2017 215 $a1 online resource (258 pages) 300 $aIncludes index. 311 $a1-4473-1894-3 606 $aBuddhismus$2gnd 606 $aWirtschaftsphilosophie$2gnd 606 $aNachhaltigkeit$2gnd 606 $aEconomics$xReligious aspects$xBuddhism$2fast$3(OCoLC)fst00902180 606 $aBuddhism$xEconomic aspects$2fast$3(OCoLC)fst00840042 606 $aFinancial crises$2fast$3(OCoLC)fst00924607 606 $aFinance$xReligious aspects$xBuddhism$2fast$3(OCoLC)fst02005545 606 $aFinancial crises 606 $aBuddhism$xEconomic aspects 606 $aFinance$xReligious aspects$xBuddhism 606 $aEconomics$xReligious aspects$xBuddhism 615 7$aBuddhismus 615 7$aWirtschaftsphilosophie 615 7$aNachhaltigkeit 615 7$aEconomics$xReligious aspects$xBuddhism. 615 7$aBuddhism$xEconomic aspects. 615 7$aFinancial crises. 615 7$aFinance$xReligious aspects$xBuddhism. 615 7$aFinancial crises. 615 7$aBuddhism$xEconomic aspects. 615 7$aFinance$xReligious aspects$xBuddhism. 615 7$aEconomics$xReligious aspects$xBuddhism. 676 $a338.9 700 $aMagnuson$b Joel$01063684 801 0$bMdBmJHUP 801 1$bMdBmJHUP 906 $aBOOK 912 $a9910150480803321 996 $aFrom Greed to Wellbeing$92565654 997 $aUNINA